000 00731nam a2200265Ia 4500
003 OSt
005 20220926010914.0
006 a|||||r|||| 00| 0
007 ta
008 220923b |||||||| |||| 00| 0 eng d
020 _a013099359X
037 _cGeneral Book
040 _aRTL
_cRTL
_beng
041 _2eng
_aeng
082 _aX:8:(B2892), N1
100 _aCotter Richard V
_9313278
245 0 _aBusiness policy game
_b Player's manual
250 _aEd 3
260 _aNew Jersey
_bPrentice Hall
_c1991
300 _axi, 185p
_ccm.
650 _a Game theory
_9235651
650 _aManagement
_930681
942 _hX:8:(B2892), N1
_cGB
_2CC
999 _c618670
_d618670